Snow White (Fairytale Readers). (Record no. 72)
[ view plain ]
| 000 -LEADER | |
|---|---|
| fixed length control field | 00977nam a22002657a 4500 |
| 001 - CONTROL NUMBER | |
| control field | 72 |
| 003 - CONTROL NUMBER IDENTIFIER | |
| control field | FISKH |
| 005 - DATE AND TIME OF LATEST TRANSACTION | |
| control field | 20230328125624.0 |
| 008 - FIXED-LENGTH DATA ELEMENTS--GENERAL INFORMATION | |
| fixed length control field | 230221b cb ||||| |||| 00| 0 eng d |
| 020 ## - INTERNATIONAL STANDARD BOOK NUMBER | |
| International Standard Book Number | 9781783935895 |
| 040 ## - CATALOGING SOURCE | |
| Original cataloging agency | MePoLT |
| Transcribing agency | MePoLT |
| Description conventions | rda |
| Language of cataloging | eng |
| Modifying agency | FISTKH |
| 050 ## - LIBRARY OF CONGRESS CALL NUMBER | |
| Classification number | PZ7 |
| 082 ## - DEWEY DECIMAL CLASSIFICATION NUMBER | |
| Classification number | 398.2 |
| 100 1# - MAIN ENTRY--PERSONAL NAME | |
| Personal name | Creese, Sarah. |
| 245 10 - TITLE STATEMENT | |
| Title | Snow White (Fairytale Readers). |
| 260 ## - PUBLICATION, DISTRIBUTION, ETC. | |
| Place of publication, distribution, etc. | Hertfordshire |
| Name of publisher, distributor, etc. | Make believe ideas |
| Date of publication, distribution, etc. | 2015 |
| 300 ## - PHYSICAL DESCRIPTION | |
| Extent | 25 p. |
| Dimensions | 18 cm. |
| 500 ## - GENERAL NOTE | |
| General note | The set is designed to develop the reading confidence of children who can read a little, but who need lively and structured books to further develop their skills. Each book features a picture dictionary page, which highlights difficult words from the story. There is also a key words page that presents common wor |
| 520 ## - SUMMARY, ETC. | |
| Summary, etc. | Snow White (Fairytale Readers) by Sarah Creese |
| 521 8# - TARGET AUDIENCE NOTE | |
| Target audience note | 340 |
| Source | Lexile |
| 521 8# - TARGET AUDIENCE NOTE | |
| Target audience note | F |
| Source | Raz-Plus |
| 650 ## - SUBJECT ADDED ENTRY--TOPICAL TERM | |
| Topical term or geographic name entry element | fairy tales |
| 650 ## - SUBJECT ADDED ENTRY--TOPICAL TERM | |
| Topical term or geographic name entry element | folklore |
| 942 ## - ADDED ENTRY ELEMENTS (KOHA) | |
| Source of classification or shelving scheme | Dewey Decimal Classification |
| Koha item type | Books |
| Withdrawn status | Lost status | Source of classification or shelving scheme | Damaged status | Not for loan | Collection | Home library | Current library | Shelving location | Date acquired | Total Checkouts | Full call number | Barcode | Date last seen | Date last checked out | Price effective from | Koha item type |
|---|---|---|---|---|---|---|---|---|---|---|---|---|---|---|---|---|
| Dewey Decimal Classification | Juvenile Fiction | Footprints International School Library Network Toul Kork Campus | Footprints International School Library Network Toul Kork Campus | TK Primary Library Room(4th Floor), Bookcase 7, Shelves 57-60, Dark Green Books | 02/21/2023 | 2 | AND 398.2 PZ7 | 2023-0065 | 02/24/2026 | 02/10/2026 | 02/21/2023 | Books |
